| 000 | 005980000a22001930004500 | ||
|---|---|---|---|
| 003 | LK-CoMWRAF | ||
| 005 | 20231113114806.0 | ||
| 008 | 230817t1983 ||||| |||| 00| 0 eng d | ||
| 040 |
_aLK-CoMWRAF _dLK-CoMWRAF _eLK-CoMWRAF |
||
| 041 | _aeng | ||
| 082 |
_a305.8 _bDIS |
||
| 100 | _aDissanayaka, T.D.S.A. | ||
| 245 |
_aThe Agony of Sri Lanka: _ban in-depth account of the racial riots of 1983 |
||
| 260 |
_aColombo: _bSwastika, _c1983 |
||
| 300 | _a120 p., [12] p. of plates : ill. ; 22 cm. | ||
| 650 | _aSri Lanka--Politics and government | ||
| 650 | _aSri Lanka--Ethnic relations. | ||
| 942 | _cBK | ||
| 999 |
_c1234 _d1234 |
||